000 00490nam a2200181Ia 4500
001 22526
005 20260414150837.0
008 260414t2012||||xx |||||||||||||| ||spa||
041 _aESP
082 _a621.382
_bD25
100 _aDardari, Davide
_eAUT
245 0 _aSatellite and terrestrial radio positioning techniques :
_ba signal processing perspective
260 _c2012
300 _axxvi, 432 páginas :
_c24 cm.
650 _aTCA
654 _aCET
942 _cLIB
_dJUS
_fJUS
_2ddc
_n
999 _c22526
_d22526